L'Incandescent /

Guardado en:
Detalles Bibliográficos
Autor principal: Serres, Michel (autor)
Formato: Libro
Idioma:Francés
Publicado: París, Francia : Editions Le Pommier, 2003, c2003
Colección:(Le Livre de Poche Editions Le Pommer)
Temas:
Etiquetas: Agrega una etiqueta
Sin etiquetas, Sé el primero en etiquetar este registro!

MARC

LEADER 00000nam^a2200000^a^4500
001 000560217
005 20250619000000.0
009 20260310131857.484
020 |a 2-253-11270-4 
037 |a Acervo ITESO - Biblioteca 
041 |a FRA 
082 |a 113.  |b SER 
100 |a Serres, Michel  |e (autor) 
245 1 2 |a L'Incandescent /  |c M. Serres. 
264 4 |a París, Francia :  |b Editions Le Pommier,  |c 2003, c2003 
300 |a 410 p. 
336 |a texto  |b txt  |2 rdacontenido 
337 |a sin mediación  |b n  |2 rdamedio 
338 |a volumen  |b nc  |2 rdasoporte 
440 3 |a (Le Livre de Poche Editions Le Pommer) 
649 |a XX 
650 |a Metafísica 
650 |a Filosofía de la Naturaleza -  |x Tema Principal 
650 |a Filosofía Francesa 
650 |a Filosofía del Siglo XXI 
910 |a Fondo General 
920 |a Impresos - Libros 
930 |a Colección General 
940 |a Literatura 
905 |a 101 
901 |a 0500399730  |b IT1  |c ACC  |d DT  |i D130342  |u 20250619 
902 |a https://opac.biblio.iteso.mx/vufind/Record/000560217